Anglicko-slovenský, slovensko-anglický veľký slovník

Salvato in:
Dettagli Bibliografici
Natura: Libro
Lingua:inglese
slovacco
Pubblicazione: Bratislava LINGEA 2014
Edizione:3. vyd.
Soggetti:
Tags: Aggiungi Tag
Nessun Tag, puoi essere il primo ad aggiungerne!!

MARC

LEADER 00000nam a2200000 4500
001 0193204
005 20240318113159.8
020 |a 978-80-8145-042-6 
041 0 |a eng 
041 0 |a slo 
044 |a SK 
245 1 0 |a Anglicko-slovenský, slovensko-anglický veľký slovník 
250 |a 3. vyd. 
264 1 |a Bratislava  |b LINGEA  |c 2014 
300 |a 1630 s. 
610 2 0 |a jazykoveda 
610 2 0 |a terminológia 
610 2 0 |a jazyky cudzie